Presidential Lasts Quiz Stats

Quiz Updated Jan 20, 2017

Challenge
Share
Tweet
Embed
Score 0/22 Timer 06:00
4 Plays Today
The last president... President % Correct
to be shotRonald Reagan
90.5%
to die in officeJohn F. Kennedy
89.4%
to be impeachedBill Clinton
79.5%
to not win the popular voteDonald Trump
70.4%
to die of health reasons while in officeFranklin D. Roosevelt
64.8%
to see combat in a major warGeorge H. W. Bush
64.6%
to be left-handedBarack Obama
48.5%
to have facial hair in officeWillam Howard Taft
48.4%
to be born in the nineteenth centuryDwight Eisenhower
44.4%
without a college degreeHarry S. Truman
29.2%
to be a slaveownerUlysses S. Grant
28.1%
The last president... President % Correct
to be a slaveowner during his presidencyZachary Taylor
23.2%
to achieve the rank of Eagle ScoutGerald Ford
21.8%
representing the Whig PartyMillard Fillmore
21.2%
born a British subjectWilliam Henry Harrison
21.1%
to serve in the Civil WarWilliam McKinley
18.8%
to be sworn in without a BibleLyndon B. Johnson
15.4%
to appear on US paper currencyWoodrow Wilson
14.5%
to die on the Fourth of JulyJames Monroe
12.6%
to never have a vice presidentChester A. Arthur
12.1%
born in a log cabinJames Garfield
6.7%
to submit a written State of the Union Jimmy Carter
6.6%

You're not logged in!

Compare scores with friends on all Sporcle quizzes.
Sign Up with Email
OR
Log In

You Might Also Like...

Show Comments

Extras

Top Quizzes Today


Score Distribution

Your Account Isn't Verified!

In order to create a playlist on Sporcle, you need to verify the email address you used during registration. Go to your Sporcle Settings to finish the process.